|
|
|
|
| LEADER |
00000nam0a2200000 4500 |
| 001 |
354969 |
| 005 |
20231102010739.0 |
| 035 |
|
|
|a (RuTPU)RU\TPU\retro\12228
|
| 090 |
|
|
|a 354969
|
| 100 |
|
|
|a 20200629d1979 km y0rusy50 ca
|
| 101 |
0 |
|
|a rus
|
| 102 |
|
|
|a LV
|
| 105 |
|
|
|a a z 101zy
|
| 200 |
1 |
|
|a Реология бетонных смесей и ее технологические задачи
|e тезисы докладов III Всесоюзного симпозиума, Рига, 18-20 декабря 1979 г.
|f Рижский политехнический институт ; под ред. Г. Я. Кунноса
|
| 210 |
|
|
|a Рига
|c Изд-во РПИ
|d 1979
|
| 215 |
|
|
|a 286 с.
|c ил.
|
| 320 |
|
|
|a Библиогр. в конце докл.
|
| 606 |
1 |
|
|a Бетон
|x Реологические свойства
|2 stltpush
|3 (RuTPU)RU\TPU\subj\35450
|
| 610 |
1 |
|
|a бетонные смеси
|
| 610 |
1 |
|
|a реология
|
| 610 |
1 |
|
|a технологические задачи
|
| 610 |
1 |
|
|a симпозиумы
|
| 610 |
1 |
|
|a Рига
|
| 610 |
1 |
|
|a реометрия
|
| 610 |
1 |
|
|a реометры
|
| 675 |
|
|
|a 666.972(063)
|v 4
|
| 702 |
|
1 |
|a Куннос
|b Г. Я.
|4 340
|
| 712 |
0 |
2 |
|a Рижский политехнический институт
|2 stltpush
|3 (RuTPU)RU\TPU\col\7561
|9 24345
|
| 712 |
1 |
2 |
|a Реология бетонных смесей и ее технологические задачи
|c симпозиум
|d 3
|e Рига
|4 570
|
| 801 |
|
1 |
|a RU
|b 63413507
|c 20200629
|
| 801 |
|
2 |
|a RU
|b 63413507
|c 20201225
|g RCR
|
| 942 |
|
|
|c BK
|